000 00586nam a22001937a 4500
005 20251108172422.0
008 250721s2002 xx 000 0 ara d
082 1 4 _a305.2/بور
100 1 _aالبوريني، محمد يحيى
_eمؤلف
245 1 0 _aدور الشباب العالمي في صنع دولته الأقوم دولة شباب العالم /
264 1 _aعمان :
_c2002.
300 _a187 ص.
650 1 7 _aالشباب
650 1 7 _aعلم الإجتماع
650 1 7 _aالمجتمع
650 1 7 _aالقيادة
942 _2ddc
_cBK
999 _c78817
_d78817